The physical principles of the quantum theory /

Guardado en:
Autor Principal: Heisenberg, Werner, 1901-1976.
Formato: Libro
Idioma:English
German
Publicado: [New York] : Dover, [1950?], c1930.
Etiquetas: Agregar Etiqueta
Sin Etiquetas, Sea el primero en etiquetar este registro!
LEADER 00946cam a22002295a 4500
001 MAT.inmabb002508
008 720131t19501930nyua#####b####001#0#eng##
005 20130331125438.0
245 1 4 |a The physical principles of the quantum theory /  |c by Werner Heisenberg ; translated into English by Carl Eckart and Frank C. Hoyt. 
260 |a [New York] :  |b Dover,  |c [1950?], c1930. 
300 |a 183 p. :  |b il. ;  |c 21 cm. 
500 |a "Lectures ... at the University of Chicago in the spring of 1929."--Preface. 
500 |a Traducción de: Die physikalischen Prinzipien der Quantentheorie. 
504 |a Incluye referencias bibliográficas. 
020 |a 0486601137 
100 1 |a Heisenberg, Werner,  |d 1901-1976. 
240 1 4 |a Die physikalischen Prinzipien der Quantentheorie.  |l Inglés 
084 |a 81-01 (81P10)  |2 msc2000 
010 |a  49011952  
040 |a DLC  |c OO  |d OCoLC  |d CLU  |d OCoLC  |d DLC 
041 1 |a eng  |h ger 
859 |h 81  |i H473  |p A-8168  |b BIB. MATEMATICA